Impact of biochar and hydrogel addition on some physico-biochemical properties of sandy soils in Egypt and Tunisia / (Record no. 163872)

MARC details
000 -LEADER
fixed length control field 09947nam a2200433Ia 4500
003 - CONTROL NUMBER IDENTIFIER
control field OSt
005 - أخر تعامل مع التسجيلة
control field 20260704145636.0
008 - FIXED-LENGTH DATA ELEMENTS--GENERAL INFORMATION
fixed length control field 2310s2022 ua a frm 000 engnd d
040 ## - CATALOGING SOURCE
Original cataloguing agency EG-EULC
Language of cataloging eng
Transcribing agency EG-EULC
Modifying agency EG-EULC
Description conventions rda
041 0# - LANGUAGE CODE
Language code of text/sound track or separate title eng
Language code of summary or abstract eng
-- ara
049 ## - Acquisition Source
Acquisition Source Deposit
082 ## - DEWEY DECIMAL CLASSIFICATION NUMBER
Classification number 556
092 ## - LOCALLY ASSIGNED DEWEY CALL NUMBER (OCLC)
Classification number 556
Edition number 21
097 ## - Degree
Degree Ph.D
099 ## - LOCAL FREE-TEXT CALL NUMBER (OCLC)
Local Call Number Cai01.16.03.Ph.D.2022.Fa.I
100 ## - MAIN ENTRY--PERSONAL NAME
Authority record control number or standard number Fayza Elsayed Mostafa Abdullha,
Preparation preparation.
245 ## - TITLE STATEMENT
Title Impact of biochar and hydrogel addition on some physico-biochemical properties of sandy soils in Egypt and Tunisia /
Statement of responsibility, etc. by Fayza Elsayed Mostafa Abdullha ; Supervised Prof.Dr. Adel Saad Elhassanin, Prof.Dr. Magdy Rizk Samak, Prof.Dr. Omar Abdelaziz Elhady
246 ## - VARYING FORM OF TITLE
Title proper/short title تاثير اضافة الفحم الحيوى والهيدروجل على بعض الخواص الفيزيائية والكميائية والبيولوجية للتربة الرملية في مصر وتونس
264 #0 - PRODUCTION, PUBLICATION, DISTRIBUTION, MANUFACTURE, AND COPYRIGHT NOTICE
Date of production, publication, distribution, manufacture, or copyright notice 2022.
300 ## - PHYSICAL DESCRIPTION
Extent 175 p. :
Other physical details illustrations ;
Dimensions 25cm+
Accompanying material CD
336 ## - CONTENT TYPE
Source rda content
Content type term text
337 ## - MEDIA TYPE
Source rdamedia
Media type term Unmediated
338 ## - CARRIER TYPE
Source rdacarrier
Carrier type term volume
502 ## - DISSERTATION NOTE
Dissertation note Thesis (Ph.D.)-Cairo University- Faculty of African Postgraduate Studies - Department of Natural Resources
504 ## - BIBLIOGRAPHY, ETC. NOTE
Bibliography, etc. note Bibliography: p. 141-166.
520 #3 - SUMMARY, ETC.
Summary, etc. South Mediterranean countries including Egypt and Tunisia are characterized by vast lands with uncultivated sandy soils, which have poor hydrophysical-bio-chemical properties. Due to progressive population growth, the need to increase food supply through reclaimed new land. Furthermore, crop and orchard residues from agricultural activities lead to harmful effects to the environment. Converting these residues to biochar is a must and use it as soil amendments. This thesis investigated the effect of three soil amendments: - biochar (50 g/plant and 100 g/plant), hydrogel (2.7 g/plant) and their mixtures (biochar-hydrogel mixture, 50 g biochar and 2.7 g hydrogel) in addition to the control; on some hydrophysical, chemical on yield parameters of the cowpea and beet as fodder crops under two irrigation treatments (100 and 75% on base of ETo) evaluated under field experiments in two successive seasons.<br/>The obtained results are summarized in the following:<br/>The results showed that higher water content at field capacity (FC) and available water content (AW) was observed with the use of 50 and 100g/plant biochar followed by hydro-char combinations. The higher values of drainable pores (DP) were recorded after 2.7 g hydrogel, and 100 g biochar; storage pores (SP) after 2.7 hydrogel and 100 g biochar, and 100 g biochar; whereas none useful pores were recorded after 2.7 hydrogel under 75 and 100% water treatments. The biological yield exhibited positive correlations with WHC, FC, AW, and SP with a significance level 5%. Yield variables increased higher in 75% than 100% water treatments. Number of nodules on cowpea root increased two times above control followed by biochar-hydrogel mixture. Biochar generally reduces soil bulk density, increases porosity and has slightly effects on soil hydraulic conductivity and aggregate stability. Water treatment at 100% was superior and increased cowpea yield for the total cuts compared with 75 %, respectively. Biochar at 100 g/plant gained the highest values of the root weight, root diameter and root length in both studied seasons. Water use efficiency values at 2nd season were higher than 1st one and values under 100 % were more than 75% water treatment. Water use efficiency of seed yield of cowpea 12.43, 10.23 and 11.45, 12.41 kg m-3 for 1st and 2nd season under 75 and 100 water treatments, respectively.<br/>The highest values of WUE were recorded with biochar 100g/plant, followed by biochar-hydrogel mixture with values of 13.74, 12.05 kg/m3 under the 75% treatment, while the opposite was true under the 100% irrigation treatment. The applied soil conditioners were arranged in descending order relative to WUE of the weight shoot and the cowpea seed yield as follows: Biochar 100 g >biochar-hydrogel mixture > Biochar 50 g > Hydrogel > Control and biochar-hydrogel mixture > Biochar 100 g > Biochar 50 g > Hydrogel > Control, respectively.Overall, biochar followed by biochar-hydrogel mixture generally improve the soil physical and chemical properties and their applications can increase water retained in sandy soils, which appeared in saving water, fertilizers and enhanced yield
520 #3 - SUMMARY, ETC.
Summary, etc. تتميز دول جنوب البحر الأبيض المتوسط بما في ذلك مصر وتونس بأراضى شاسعة مع تربة رملية غير مزروعة ، والتى تتميز بخصائص فيزيائية مائية وبيولوجية وكيميائية رديئة. وبسبب النمو السكاني المتزايد ، والحاجة إلى زيادة الإمدادات الغذائية يستلزم استزراع مزيد من الأراضي الجديدة. علاوة على ذلك ، هناك تنامى لمخلفات المحاصيل والبساتين والتى لها آثار ضارة على البيئة وتحويل هذه المخلفات إلى بيوشار أمر لا بد منه واستخدامه كمحسن للتربة. بحثت هذه الرسالة في تأثير ثلاثة محسنات على التربة: - البيوشار (50 جم / نبات و 100 جم / نبات) ، هيدروجيل (2.7 جم / نبات) ومخاليطهم (مخلوط البيوشار والهيدروجيل ، 50 جرام بيوشار و 2.7 جرام من الهيدروجيل) بالإضافة إلى الكنترول ؛ على بعض الصفات الكيميائية والمائية على محصول اللوبيا والبنجر كمحاصيل علفية تحت معاملتي رى (100 و 75٪ على أساس ETo) في إطار تجارب حقلية في موسمين متتاليين. تتلخص النتائج التي تم الحصول عليها في الآتي: أظهرت النتائج أن محتوى الماء أعلى في السعة الحقلية (FC) ومحتوى الماء المتاح (AW) لوحظ باستخدام 50 و 100 جم / بيوشار متبوعًا بتركيبات هيدرو-فحم. تم تسجيل القيم الأعلى للمسام القابلة للتصريف (DP) بعد 2.7 جم هيدروجيل و 100 جم من بيوشار ؛ مسام التخزين (SP) بعد 2.7 هيدروجيل و 100 جمبيوشار ، و 100 جمبيوشار ؛ بينما لم يتم تسجيل أي مسام مفيدة بعد 2.7 هيدروجيل تحت 75 و 100٪ معالجة مائية. أظهر المحصول البيولوجي ارتباطات موجبة مع WHC و FC و AW و SP بمستوى أهمية 5 ٪. زادت صفات المحصول في معاملة الرى 75٪ من المياه بنسبة 100٪. زاد عدد العقد البكتيرية الموجودة على جذر اللوبيا مرتين أعلى من السيطرة تليها مخلوط البيوشار والهيدروجيل. يقلل البيوشار عمومًا من الكثافة الظاهرية للتربة ، ويزيد من المسامية وله تأثيرات طفيفة على التوصيل الهيدروليكي للتربة ثبات التجمعات الارضية. كانت معاملةالرى بنسبة 100٪ متفوقة وزادت محصول اللوبيا عند كل المحسنات مقارنة بـ 75٪ على التوالي. اكتسب البيوشار عند 100 جم / نبات أعلى قيم لوزن الجذر وقطر الجذر وطول الجذر في كلا الموسمين المدروسين ، حيث كانت القيم في الموسم الثاني أعلى من الأول والقيم أقل من 100٪ كانت أكثر من 75٪ معاملة الرى ، و كانت قيم معاملة الرى 100٪ أعلى من 75٪ معاملة الرى ، 12.43 ، 10.23 و 11.45 ، 12.41 كجم م -3 لمحصول بذور اللوبيا للموسمين الأول والثاني على التوالى. تم تسجيل أعلى قيم لكفاءة استعمال الماء باستخدام 100 جم بيوشار / نبات ، يليه مخلوط البيوشار والهيدروجيل بقيم 13.74 ، 12.05 كجم / م 3 تحت معاملة 75٪ ، بينما كان العكس صحيحًا عند معاملة الرى بنسبة 100٪. تم ترتيب محسنات التربة المطبقة بترتيب تنازلى بالنسبة لـ لكفاءة استعمال الماء لجرعة الوزن ومحصول بذور اللوبيا على النحو التالى: 100 جم بيوشار >مخلوط البيوشار والهيدروجيل>50 جم بيوشار>هيدروجيل> الكنترول مخلوط البيوشار والهيدروجيل >100 جم بيوشار > 50 جم بيوشار> هيدروجيل> كنترول على التوالى. بشكل عام ، يعمل البيوشار (الفحم الحيوي) متبوعًا بالهيدروشار بشكل عام على تحسين الخصائص الفيزيائية والكيميائية للتربة ويمكن أن تؤدي اضافتها إلى زيادة قدرة الارض على حفظ الماء فى التربة الرملية ، والتىتفيد في توفير المياه والأسمدة وزيادة المحصول.
530 ## - ADDITIONAL PHYSICAL FORM AVAILABLE NOTE
Issues CD Issues also as CD.
546 ## - LANGUAGE NOTE
Text Language Text in English and abstract in Arabic & English.
650 ## - SUBJECT ADDED ENTRY--TOPICAL TERM
Topical term or geographic name entry element Natural Resources
653 ## - INDEX TERM--UNCONTROLLED
Uncontrolled term hydrogel
700 ## - ADDED ENTRY--PERSONAL NAME
Personal name Adel Saad Elhassanin
Relator term thesis advisor.
700 ## - ADDED ENTRY--PERSONAL NAME
Personal name Magdy Rizk Samak
Relator term thesis advisor.
700 ## - ADDED ENTRY--PERSONAL NAME
Personal name Omar Abdelaziz Elhady
Relator term thesis advisor.
900 ## - Thesis Information
Grant date 15-03-2022
Supervisory body Adel Saad Elhassanin
-- Magdy Rizk Sama
-- Omar Abdelaziz Elhady
Universities Cairo University
Faculties Faculty of African Postgraduate Studies
Department Department of Natural Resources
905 ## - Cataloger and Reviser Names
Cataloger Name Shimaa
942 ## - ADDED ENTRY ELEMENTS (KOHA)
Koha item type Thesis
Source of classification or shelving scheme Dewey Decimal Classification
Holdings
Source of classification or shelving scheme Home library Current library Date acquired Inventory number Full call number Barcode Date last seen Effective from Koha item type
Dewey Decimal Classification المكتبة المركزبة الجديدة - جامعة القاهرة قاعة الرسائل الجامعية - الدور الاول 11.02.2024 85951 Cai01.16.03.Ph.D.2022.Fa.I 01010110085951000 30.10.2023 30.10.2023 Thesis
Cairo University Libraries Portal Implemented & Customized by: Eng. M. Mohamady Contacts: new-lib@cl.cu.edu.eg | cnul@cl.cu.edu.eg
CUCL logo CNUL logo
© All rights reserved — Cairo University Libraries
CUCL logo
Implemented & Customized by: Eng. M. Mohamady Contact: new-lib@cl.cu.edu.eg © All rights reserved — New Central Library
CNUL logo
Implemented & Customized by: Eng. M. Mohamady Contact: cnul@cl.cu.edu.eg © All rights reserved — Cairo National University Library